000
00310nam a22001337a 4500
008
180914b xxu||||| |||| 00| 0 eng d
020
_a
9781412991322
041
_a
eng
080
_a
311
100
_a
55
101
_a
STA
245
_a
Answering Questions With Statistics
_c
Szafran.R
942
_2
udc
_c
BK
999
_c
47772
_d
47772